Syntéza časopis pre teóriu a metódy vied o práci
Enregistré dans:
| Format: | Publication en série |
|---|---|
| Langue: | slovaque |
| Publié: |
Bratislava
Československý výskumný ústav práce a sociálnych vecí
|
| Tags: |
Pas de tags, Soyez le premier à ajouter un tag!
|
MARC
| LEADER | 00000nas1a2200000 4500 | ||
|---|---|---|---|
| 001 | s122620 | ||
| 005 | 20200722103534.4 | ||
| 041 | 0 | |a slo | |
| 044 | |a SK | ||
| 245 | 1 | 0 | |a Syntéza |b časopis pre teóriu a metódy vied o práci |
| 264 | 1 | |a Bratislava |b Československý výskumný ústav práce a sociálnych vecí | |
| 500 | |a Od 1.1.1982 vychádza pod názvom Ekonomika práce | ||